| 000 | 00799nam a22002777a 4500 | ||
|---|---|---|---|
| 003 | CHAP | ||
| 005 | 20220329134435.0 | ||
| 008 | 971013s1981 r 00010 d | ||
| 010 | _a20523 | ||
| 011 | _a21495 | ||
| 035 | _a25585 | ||
| 040 | _cCHAP | ||
| 082 |
_a621.3 _bD6 |
||
| 100 | 0 | 0 |
_aDoehner, Werner G. _933326 |
| 245 | _aEsquemas de protección eléctrica | ||
| 260 |
_aMéxico, D.F. : _bComisión Federal de Electricidad, _c1981 |
||
| 300 |
_a228 p. _b: ilus. ; gráfs. |
||
| 490 |
_aCFE _v; 19 |
||
| 590 |
_aBATCH-UPD _b10 _c20130110 _lUCH01 _h1320 |
||
| 590 |
_aCONVERSION _b10 _c20130109 _lUCH01 _h1312 |
||
| 650 | 1 | 4 |
_aElectricidad. _936215 |
| 830 | 0 |
_aCFE _v; 19 _921665 |
|
| 901 | _aBK | ||
| 942 | _cLIBRO | ||
| 949 |
_a621.3 D6 _bBC _cLIBRO _d33724000015293 _eLIBRO _h60292 _i25585 _mD _si |
||
| 999 |
_c20523 _d20523 |
||